[Event "59. BEM 2005"]
[Site "Dortmund"]
[Date "2005.02.28"]
[Round "1"]
[White "Litwak, Aleksej"]
[Black "Riemann, Kai"]
[Result "0-1"]
[WhiteElo "2092"]
[BlackElo "1593"]
[PlyCount "54"]
[EventDate "2005.??.??"]
[Source "SG Dortmund"]
[SourceDate "2004.12.16"]

1. e4 d6 2. d4 Nf6 3. Bd3 g6 4. Nf3 Bg7 5. O-O O-O 6. c3 a6 7. Re1 c5 8. Nbd2
b5 9. a4 c4 10. Bf1 Bb7 11. b3 d5 12. exd5 Nxd5 13. bxc4 Nxc3 14. Qc2 b4 15.
Bb2 Bxd4 16. Nxd4 Qxd4 17. Rxe7 Bc6 18. Rae1 Bxa4 19. Qxa4 Qxd2 20. Qb3 Nc6 21.
Bxc3 Qxc3 22. Qxc3 bxc3 23. R7e3 c2 24. Rc3 Nb4 25. Rc1 Na2 26. R1xc2 Nxc3 27.
Rxc3 a5 0-1

[Event "59. BEM 2005"]
[Site "Dortmund"]
[Date "2005.02.28"]
[Round "1"]
[White "Raszelenberg, Patrick"]
[Black "Naundorf, Maik"]
[Result "0-1"]
[WhiteElo "1585"]
[BlackElo "2075"]
[PlyCount "80"]
[EventDate "2005.??.??"]
[Source "SG Dortmund"]
[SourceDate "2004.12.16"]

1. e4 c5 2. Nf3 g6 3. d4 cxd4 4. Nxd4 Bg7 5. Nc3 Nc6 6. Be3 Nf6 7. Nxc6 bxc6 8.
e5 Ng8 9. f4 Nh6 10. Qf3 O-O 11. Bc4 Kh8 12. Rd1 Qa5 13. Bd2 Qc5 14. Bb3 d5 15.
Be3 Qb4 16. Rd4 Qb8 17. Bf2 f6 18. exf6 Bxf6 19. Ra4 e5 20. O-O e4 21. Nxe4
dxe4 22. Qxe4 Bb7 23. Rb4 Nf5 24. g4 Re8 25. Qc4 Nd6 26. Qd3 Nb5 27. a4 a5 28.
Rc4 Rd8 29. Qe4 c5 30. Qe6 Rd6 31. Qf7 Bd5 32. Qxf6+ Rxf6 33. axb5 Bxc4 34.
Bxc4 Qxf4 35. b3 Qxg4+ 36. Bg3 Rxf1+ 37. Kxf1 Rf8+ 38. Kg2 Qe4+ 39. Kh3 Rf5 40.
Bc7 Qf3+ 0-1

[Event "59. BEM 2005"]
[Site "Dortmund"]
[Date "2005.02.28"]
[Round "1"]
[White "Goldschmidt, Christian"]
[Black "Baumann, Ralf-Rüdiger"]
[Result "1-0"]
[WhiteElo "2070"]
[BlackElo "1583"]
[PlyCount "51"]
[EventDate "2005.??.??"]
[Source "SG Dortmund"]
[SourceDate "2004.12.16"]

1. e4 c5 2. c3 Nc6 3. d4 cxd4 4. cxd4 e6 5. Nf3 a6 6. Nc3 Bb4 7. Bd3 Qc7 8. O-O
Nge7 9. Bg5 h6 10. Bh4 Ng6 11. Bg3 Qd8 12. Rc1 O-O 13. a3 Ba5 14. Bd6 Re8 15.
d5 Nce7 16. b4 Bc7 17. Bxc7 Qxc7 18. Nb5 Qd8 19. Nc7 Rb8 20. Nxe8 Qxe8 21. dxe6
dxe6 22. e5 b5 23. Be4 Nf4 24. Qd6 Bd7 25. Rc7 Rd8 26. Qxa6 1-0

[Event "59. BEM 2005"]
[Site "Dortmund"]
[Date "2005.02.28"]
[Round "1"]
[White "Dieckmann, Rudolf"]
[Black "Schiefelbusch, Dirk"]
[Result "0-1"]
[WhiteElo "1573"]
[BlackElo "2061"]
[PlyCount "76"]
[EventDate "2005.??.??"]
[Source "SG Dortmund"]
[SourceDate "2004.12.16"]

1. e4 c5 2. b3 Nc6 3. Nf3 e5 4. Bb2 d6 5. c3 f5 6. d3 Nf6 7. Qc2 Be7 8. Nbd2
O-O 9. h3 Kh8 10. O-O-O b5 11. d4 fxe4 12. dxe5 exf3 13. exf6 Bxf6 14. Nxf3 b4
15. Bb5 bxc3 16. Bxc3 Nb4 17. Bxf6 Qxf6 18. Qb2 Bb7 19. Qxf6 Rxf6 20. a3 Nd5
21. Rd2 Raf8 22. Re1 h6 23. Re8 Rxe8 24. Bxe8 Nf4 25. Nh4 g5 26. g3 Nxh3 27.
Ng6+ Kg7 28. Ne5 dxe5 29. Rd7+ Kf8 30. Bh5 Bf3 31. Bxf3 Rxf3 32. Rxa7 Rxb3 33.
Ra5 Nxf2 34. a4 Rxg3 35. Kd2 Ne4+ 36. Ke2 Ra3 37. Ra8+ Kf7 38. a5 h5 0-1

[Event "59. BEM 2005"]
[Site "Dortmund"]
[Date "2005.02.28"]
[Round "1"]
[White "Woestmann, Ulrich"]
[Black "Völler, Lothar"]
[Result "1-0"]
[WhiteElo "2017"]
[BlackElo "1565"]
[PlyCount "57"]
[EventDate "2005.??.??"]
[Source "SG Dortmund"]
[SourceDate "2004.12.16"]

1. e4 e5 2. Nf3 Nc6 3. Bc4 Nf6 4. d3 Be7 5. Nc3 d6 6. Bg5 O-O 7. a3 Be6 8. Bxf6
Bxf6 9. Nd5 a6 10. Qd2 Rb8 11. h4 Na7 12. Qe3 c5 13. Ng5 Bxd5 14. Bxd5 Nc6 15.
g4 Qa5+ 16. c3 Ne7 17. Bxf7+ Rxf7 18. Nxf7 Kxf7 19. g5 Qb6 20. O-O-O Ng6 21.
gxf6 gxf6 22. Qh6 Rh8 23. Rhg1 Qd8 24. h5 Nf4 25. Rg7+ Ke6 26. Rxb7 Qe8 27. Qg7
Rg8 28. Qxh7 Nxh5 29. Qf5# 1-0

[Event "59. BEM 2005"]
[Site "Dortmund"]
[Date "2005.02.28"]
[Round "1"]
[White "Gülicher, Michael"]
[Black "Kalikhman, Grigorij"]
[Result "0-1"]
[WhiteElo "1540"]
[BlackElo "2017"]
[PlyCount "69"]
[EventDate "2005.??.??"]
[Source "SG Dortmund"]
[SourceDate "2004.12.16"]

1. e4 e6 2. d3 d5 3. Nd2 c5 4. Ngf3 Nc6 5. g3 Nf6 6. Bg2 Be7 7. O-O Qc7 8. Re1
b6 9. c3 Bb7 10. Qe2 O-O-O 11. a4 h6 12. e5 Nd7 13. Nb1 g5 14. g4 Rhf8 15. Na3
a6 16. h4 Rg8 17. h5 Rgf8 18. d4 f5 19. Bh3 Rde8 20. Qc2 cxd4 21. cxd4 fxg4 22.
Bxg4 Rf7 23. Be3 Ref8 24. Kg2 Rxf3 25. Bxf3 Bxa3 26. Rxa3 Rxf3 27. Kxf3 Ncxe5+
28. dxe5 Qxc2 29. Rc3+ Qxc3 30. bxc3 d4+ 31. Kg3 dxe3 32. Rxe3 Bd5 33. Re1 Nc5
34. a5 b5 35. f4 0-1

[Event "59. BEM 2005"]
[Site "Dortmund"]
[Date "2005.02.28"]
[Round "1"]
[White "Hein, Erwin"]
[Black "Werninghaus, Klaus-Peter"]
[Result "1-0"]
[WhiteElo "1966"]
[BlackElo "1533"]
[PlyCount "47"]
[EventDate "2005.??.??"]
[Source "SG Dortmund"]
[SourceDate "2004.12.16"]

1. d4 d5 2. Nf3 c6 3. c4 Nf6 4. Nc3 Bf5 5. cxd5 cxd5 6. Qb3 Bc8 7. Bf4 e6 8. e3
Bd6 9. Bxd6 Qxd6 10. Nb5 Qe7 11. Rc1 Na6 12. Bd3 O-O 13. a3 Ne8 14. O-O Nac7
15. Nxc7 Nxc7 16. Rc2 Ne8 17. Rfc1 Qd8 18. Ne5 Nf6 19. Rc7 Qd6 20. Qc2 Bd7 21.
Nxd7 Nxd7 22. Rxb7 Rfc8 23. Rc7 Nb6 24. Rxc8+ 1-0

[Event "59. BEM 2005"]
[Site "Dortmund"]
[Date "2005.02.28"]
[Round "1"]
[White "Sellin, Reinhard"]
[Black "Hillebrand, Carsten"]
[Result "1/2-1/2"]
[WhiteElo "1509"]
[BlackElo "1941"]
[PlyCount "130"]
[EventDate "2005.??.??"]
[Source "SG Dortmund"]
[SourceDate "2004.12.16"]

1. d4 Nf6 2. Nf3 g6 3. c3 Bg7 4. Bg5 d6 5. Nbd2 h6 6. Bxf6 Bxf6 7. e4 Nd7 8.
Bd3 c6 9. O-O O-O 10. Re1 e5 11. dxe5 dxe5 12. Bc2 Qc7 13. Nc4 Be7 14. Qd2 b5
15. Ne3 Nb6 16. Rad1 a5 17. Qc1 Ra7 18. h3 h5 19. Rd2 Qb8 20. Red1 Be6 21. Bb1
Qc7 22. Rc2 a4 23. Qd2 f6 24. Rdc1 Rd8 25. Qe1 Bf8 26. c4 bxc4 27. Nd2 Bb4 28.
Qe2 Bxd2 29. Rxd2 Rxd2 30. Qxd2 Qe7 31. a3 Qc5 32. Ba2 Rd7 33. Qe2 Rd4 34. f3
Kg7 35. Kh2 Bf7 36. h4 Qd6 37. Rc2 Kf8 38. Qe1 Qc5 39. Qe2 Kg8 40. g4 Kf8 41.
gxh5 gxh5 42. Nf5 Be6 43. Nxd4 exd4 44. Qg2 d3 45. Rd2 Qe3 46. Qf2 Qf4+ 47. Kg2
Nd7 48. Rd1 Ne5 49. Bb1 Kf7 50. Qg3 Qe3 51. Qf2 Bh3+ 52. Kg3 Qe2 53. Qxe2 dxe2
54. Re1 Bf1 55. Kf2 Ke7 56. Rxf1 exf1=Q+ 57. Kxf1 Nxf3 58. Kf2 Nxh4 59. Bc2 Ng6
60. Bxa4 Ne5 61. Ke3 h4 62. Kf2 Nd3+ 63. Kg2 Nxb2 64. Bc2 c3 65. a4 Nc4 1/2-1/2

[Event "59. BEM 2005"]
[Site "Dortmund"]
[Date "2005.02.28"]
[Round "1"]
[White "Zeldin, Vitali"]
[Black "Kartsev, Alexandr"]
[Result "0-1"]
[WhiteElo "1918"]
[BlackElo "1494"]
[PlyCount "168"]
[EventDate "2005.??.??"]
[Source "SG Dortmund"]
[SourceDate "2004.12.16"]

1. e4 d5 2. e5 c5 3. Nf3 Bf5 4. d4 e6 5. c3 Nc6 6. Be2 Nge7 7. O-O Ng6 8. Re1
Be7 9. g3 O-O 10. Nbd2 cxd4 11. Nxd4 Ngxe5 12. Nxf5 exf5 13. Nf3 Ng4 14. h3 Nf6
15. Qb3 Na5 16. Qc2 Ne4 17. Nd4 Qb6 18. Be3 Qg6 19. Bf4 Nc6 20. Nb3 a5 21. a4
Bd8 22. Kg2 Bb6 23. Rf1 d4 24. cxd4 Nxd4 25. Nxd4 Bxd4 26. Rad1 Qf6 27. f3 Nc5
28. Qc4 Ne6 29. b3 Nxf4+ 30. gxf4 Qg6+ 31. Kh2 Be3 32. Rg1 Bxg1+ 33. Rxg1 Qf6
34. Qb5 b6 35. Bd3 Rac8 36. Bc4 Rfd8 37. Re1 Qh4 38. Re2 Qxf4+ 39. Kg2 Qg5+ 40.
Kh2 Qf6 41. f4 g6 42. Kg3 Qc6 43. Qxc6 Rxc6 44. Re7 Rf6 45. Kf3 Kf8 46. Rb7 Ke8
47. Kg3 Kf8 48. Kf3 Kg7 49. Kg3 Rd4 50. Rc7 h6 51. h4 g5 52. hxg5 hxg5 53. fxg5
Rg4+ 54. Kf3 Rxg5 55. Rb7 f4 56. Rd7 Rg3+ 57. Kf2 Rc3 58. Rd1 f3 59. Rb1 Rc2+
60. Ke3 f2 61. Rf1 Rc3+ 62. Kd2 Rg3 63. Ke2 Rg1 64. Rxf2 Rxf2+ 65. Kxf2 Rc1 66.
Bd5 f5 67. Ke3 Kf6 68. Kd2 Rg1 69. Kc3 Ke5 70. Bb7 f4 71. Kc4 Rg3 72. Ba6 Re3
73. Bc8 f3 74. Bh3 f2 75. Bg2 Kf4 76. Bf1 Re1 77. Bd3 f1=Q 78. Bxf1 Rxf1 79.
Kb5 Rb1 80. Kxb6 Rxb3+ 81. Kxa5 Ke5 82. Ka6 Kd6 83. a5 Kc6 84. Ka7 Kb5 0-1

[Event "59. BEM 2005"]
[Site "Dortmund"]
[Date "2005.02.28"]
[Round "1"]
[White "Merle, Peter"]
[Black "Starp, Klaus"]
[Result "0-1"]
[WhiteElo "1486"]
[BlackElo "1912"]
[PlyCount "44"]
[EventDate "2005.??.??"]
[Source "SG Dortmund"]
[SourceDate "2004.12.16"]

1. e4 c5 2. Nf3 d6 3. d3 Nc6 4. Nc3 g6 5. Bd2 Bg7 6. a3 e6 7. Be2 Nge7 8. O-O
O-O 9. Qc1 a6 10. Bh6 b5 11. Bxg7 Kxg7 12. Qd2 Nd4 13. Nxd4 cxd4 14. Nd1 Bb7
15. f4 f5 16. Nf2 Qb6 17. Nh3 fxe4 18. Ng5 d5 19. Kh1 h6 20. Nh3 Nf5 21. dxe4
dxe4 22. g4 e3+ 0-1

[Event "59. BEM 2005"]
[Site "Dortmund"]
[Date "2005.02.28"]
[Round "1"]
[White "Ziperstein, Jakob"]
[Black "Martini, Heiko"]
[Result "1-0"]
[WhiteElo "1902"]
[BlackElo "1481"]
[PlyCount "93"]
[EventDate "2005.??.??"]
[Source "SG Dortmund"]
[SourceDate "2004.12.16"]

1. e4 c5 2. Nf3 Nc6 3. Nc3 d6 4. d4 cxd4 5. Nxd4 g6 6. Nxc6 bxc6 7. Qd4 Nf6 8.
e5 dxe5 9. Qxe5 Bg7 10. Bc4 O-O 11. Qc5 Qb6 12. Na4 Qxc5 13. Nxc5 Nd5 14. O-O
Rb8 15. c3 h5 16. Bb3 Bf5 17. Re1 Rfe8 18. Na6 Rb6 19. Nc5 Bf6 20. Rd1 Rb5 21.
Nd3 Rb6 22. Nf4 e6 23. Re1 Kf8 24. Nxd5 cxd5 25. Bxd5 g5 26. Bb3 Rd8 27. Be3
Rb7 28. Rad1 Rbd7 29. Bc5+ Kg7 30. Rxd7 Rxd7 31. Rd1 Rc7 32. Bd6 Rb7 33. Re1
Rd7 34. Rd1 Rb7 35. Ba3 Be5 36. f3 Bc7 37. Bc4 Kg6 38. Bd3 Bxd3 39. Rxd3 f5 40.
g3 Kf6 41. Kf1 Rb5 42. c4 Ra5 43. b4 Ra4 44. Bb2+ Ke7 45. a3 Ra6 46. Bd4 Rd6
47. Bc5 1-0

[Event "59. BEM 2005"]
[Site "Dortmund"]
[Date "2005.02.28"]
[Round "1"]
[White "Schaefer, Ulrich"]
[Black "Gorzinski, Dariusz"]
[Result "0-1"]
[WhiteElo "1475"]
[BlackElo "1885"]
[PlyCount "88"]
[EventDate "2005.??.??"]
[Source "SG Dortmund"]
[SourceDate "2004.12.16"]

1. e4 d6 2. d4 Nf6 3. Nc3 g6 4. f4 Bg7 5. e5 dxe5 6. fxe5 Nd5 7. Nf3 O-O 8. Bg5
Nxc3 9. bxc3 c6 10. Qd2 Qc7 11. Be2 Bf5 12. O-O e6 13. Bh6 Nd7 14. Bxg7 Kxg7
15. Nh4 c5 16. Nxf5+ exf5 17. Rf3 h6 18. Raf1 Rad8 19. Rg3 Qb6 20. Rxf5 cxd4
21. cxd4 Qb1+ 22. Rf1 Qxa2 23. Rh3 g5 24. Bd3 Qd5 25. Qf2 f6 26. c4 Qe6 27. Bf5
Qxc4 28. Bxd7 fxe5 29. Bf5 Rxd4 30. Qf3 Rf4 31. Bd3 Rxf3 32. Bxc4 Rxh3 33. gxh3
Rxf1+ 34. Kxf1 a6 35. Kf2 Kf6 36. Ke3 b5 37. Bd3 Ke6 38. Ke4 Kd6 39. Kf5 Kd5
40. Kg6 e4 41. Be2 b4 42. Bxa6 b3 43. Bb7+ Ke5 44. Kxh6 b2 0-1

[Event "59. BEM 2005"]
[Site "Dortmund"]
[Date "2005.02.28"]
[Round "1"]
[White "Büchle, Manfred"]
[Black "Ruchay, Dietrich"]
[Result "1-0"]
[WhiteElo "1874"]
[BlackElo "1460"]
[PlyCount "102"]
[EventDate "2005.??.??"]
[Source "SG Dortmund"]
[SourceDate "2004.12.16"]

1. e4 c5 2. Nf3 d6 3. d4 cxd4 4. Nxd4 Nf6 5. Nc3 a6 6. Be2 e5 7. Nb3 Be7 8. Be3
b5 9. a3 Bb7 10. f3 Qc7 11. Qd2 Nbd7 12. Rd1 O-O 13. O-O Rac8 14. Bd3 Nc5 15.
Qf2 Na4 16. Nxa4 bxa4 17. Bb6 Qd7 18. Na5 Bd8 19. Nc4 Bc6 20. Bxd8 Qxd8 21. Ne3
Qb6 22. Nf5 Qxf2+ 23. Rxf2 Rc7 24. Nxd6 Rd8 25. Nc4 Re7 26. Rfd2 Bb5 27. Kf2
Kf8 28. Ke3 Ne8 29. Na5 Re6 30. Nb7 Rb8 31. Nc5 Rd6 32. Bxb5 Rxd2 33. Rxd2 Rxb5
34. Nxa4 Ke7 35. b4 Nd6 36. Nb2 Rb7 37. c4 Rc7 38. Rd5 Nxc4+ 39. Nxc4 Rxc4 40.
Rxe5+ Kd6 41. Ra5 Rc6 42. Kd4 f6 43. Rc5 Rb6 44. f4 g6 45. g4 Ke6 46. h4 h6 47.
f5+ gxf5 48. gxf5+ Kd6 49. Rd5+ Kc6 50. e5 fxe5+ 51. Kxe5 Rb5 1-0

[Event "59. BEM 2005"]
[Site "Dortmund"]
[Date "2005.02.28"]
[Round "1"]
[White "Skoecz, Horst"]
[Black "Tkachuk, Konstantyn"]
[Result "0-1"]
[WhiteElo "1455"]
[BlackElo "1871"]
[PlyCount "51"]
[EventDate "2005.??.??"]
[Source "SG Dortmund"]
[SourceDate "2004.12.16"]

1. d4 Nf6 2. Nf3 g6 3. c3 Bg7 4. Qb3 O-O 5. Bf4 d6 6. Nbd2 Nh5 7. Bg3 Nd7 8. e3
Nxg3 9. hxg3 e5 10. O-O-O c6 11. Ne4 d5 12. Nc5 Nxc5 13. dxc5 Qe7 14. Qb4 Re8
15. Be2 Bf8 16. Qh4 Qxh4 17. Rxh4 Bxc5 18. Rdh1 h5 19. Nd2 Bf5 20. g4 hxg4 21.
Nb3 Be7 22. Rh8+ Kg7 23. R8h7+ Kf6 24. Nd2 Bf8 25. Nf1 g5 26. Ng3 0-1

[Event "59. BEM 2005"]
[Site "Dortmund"]
[Date "2005.02.28"]
[Round "1"]
[White "Szyszka, Arkadiusz"]
[Black "Ludwig, Erwin"]
[Result "1-0"]
[WhiteElo "1865"]
[BlackElo "1437"]
[PlyCount "65"]
[EventDate "2005.??.??"]
[Source "SG Dortmund"]
[SourceDate "2004.12.16"]

1. d4 d5 2. Nf3 Nf6 3. Bg5 e6 4. e3 Be7 5. c4 c6 6. Nc3 Nbd7 7. cxd5 cxd5 8.
Bd3 h6 9. Bh4 a6 10. O-O O-O 11. Bc2 b5 12. a3 Bb7 13. Ne5 Qe8 14. f4 Ne4 15.
Nxe4 dxe4 16. Bxe7 Qxe7 17. Qb1 f5 18. Ng6 Qf6 19. Nxf8 Qxf8 20. Bb3 Qd6 21.
Qa2 Bd5 22. Bxd5 exd5 23. Rac1 Nb6 24. b3 Nd7 25. Rc2 Nf6 26. Rfc1 Qd8 27. h3
Kh7 28. b4 Qd7 29. Rc7 Qd8 30. R1c3 a5 31. Qe2 Qe8 32. R3c6 axb4 33. Rxf6 1-0

[Event "59. BEM 2005"]
[Site "Dortmund"]
[Date "2005.02.28"]
[Round "1"]
[White "Mueller, Siegfried"]
[Black "Raabe, Heinz"]
[Result "0-1"]
[WhiteElo "1434"]
[BlackElo "1858"]
[PlyCount "52"]
[EventDate "2005.??.??"]
[Source "SG Dortmund"]
[SourceDate "2004.12.16"]

1. d4 Nf6 2. c4 g6 3. Nc3 d5 4. g3 Bg7 5. Nf3 O-O 6. cxd5 Nxd5 7. e4 Nxc3 8.
bxc3 c5 9. e5 Nc6 10. Be3 cxd4 11. cxd4 Bg4 12. Bg2 Qa5+ 13. Qd2 Qb5 14. Qe2
Qb4+ 15. Qd2 Qc4 16. Rc1 Qa6 17. h3 Bf5 18. Bf1 Qa5 19. Qxa5 Nxa5 20. Nd2 Rac8
21. Nc4 Be4 22. Rg1 Nxc4 23. Bxc4 Bf3 24. Bb3 Rxc1+ 25. Bxc1 Rc8 26. Kd2 Bh6+
0-1

[Event "59. BEM 2005"]
[Site "Dortmund"]
[Date "2005.02.28"]
[Round "1"]
[White "Kleymann, Jelena"]
[Black "Werner, Patrick"]
[Result "1-0"]
[WhiteElo "1848"]
[BlackElo "1425"]
[PlyCount "63"]
[EventDate "2005.??.??"]
[Source "SG Dortmund"]
[SourceDate "2004.12.16"]

1. e4 c5 2. Nf3 d6 3. Bb5+ Bd7 4. Bxd7+ Qxd7 5. O-O Nc6 6. d4 cxd4 7. Nxd4 Nf6
8. Nc3 a6 9. a4 g6 10. Nb3 Bg7 11. f4 O-O 12. a5 Rad8 13. Be3 Ng4 14. Bb6 Bxc3
15. bxc3 Rde8 16. Qd3 Nf6 17. Rad1 Qc8 18. Rf3 Nd7 19. Be3 Qc7 20. Ra1 Rc8 21.
Rh3 f5 22. Qd5+ Kg7 23. e5 dxe5 24. fxe5 f4 25. Bd4 Ndxe5 26. Nc5 Rf6 27. Ne6+
Rxe6 28. Qxe6 Qd6 29. Bxe5+ Nxe5 30. Qxc8 f3 31. Rf1 fxg2 32. Qf8# 1-0

[Event "59. BEM 2005"]
[Site "Dortmund"]
[Date "2005.02.28"]
[Round "1"]
[White "Schrimpl, Michael"]
[Black "Krause, Dieter"]
[Result "0-1"]
[WhiteElo "1414"]
[BlackElo "1835"]
[PlyCount "117"]
[EventDate "2005.??.??"]
[Source "SG Dortmund"]
[SourceDate "2004.12.16"]

1. c4 e6 2. d4 d5 3. Nc3 Bb4 4. a3 Bxc3+ 5. bxc3 Nc6 6. Nf3 Bd7 7. Rb1 dxc4 8.
Rxb7 Rb8 9. Rxb8 Qxb8 10. Qc2 Nf6 11. e4 Qb3 12. Qxb3 cxb3 13. e5 Ne4 14. Bb2
f5 15. exf6 gxf6 16. Bd3 Nd6 17. O-O Na5 18. Nd2 O-O 19. Ne4 Nxe4 20. Bxe4 Nc4
21. Rb1 Nd2 22. Re1 Bb5 23. Re3 f5 24. a4 Ba6 25. Bf3 Nc4 26. Rxe6 Nxb2 27.
Rxa6 Rb8 28. Rxa7 Nxa4 29. Bd5+ Kh8 30. Bxb3 Rxb3 31. g3 Nxc3 32. Rxc7 Ne2+ 33.
Kg2 Nxd4 34. Rd7 Nc6 35. Rd5 Ne7 36. Rd7 Ng6 37. Rd4 Kg7 38. h4 Rb7 39. h5 Ne5
40. Rd6 Rf7 41. f4 Ng4 42. Kh3 Re7 43. Kh4 Nf6 44. Ra6 Rf7 45. Kg5 Ne4+ 46. Kh4
Rf6 47. Ra7+ Kh6 48. Ra2 Nd6 49. Ra8 Re6 50. Ra7 Ne8 51. Rf7 Rf6 52. Rb7 Ng7
53. g4 fxg4 54. Kxg4 Nxh5 55. Rb4 Ng7 56. Rb3 Kg6 57. Rf3 Nf5 58. Rh3 h6 59.
Rh2 0-1

[Event "59. BEM 2005"]
[Site "Dortmund"]
[Date "2005.02.28"]
[Round "1"]
[White "Barskij, Aleksandr"]
[Black "Baier, Jörg"]
[Result "1-0"]
[WhiteElo "1825"]
[BlackElo "1401"]
[PlyCount "49"]
[EventDate "2005.??.??"]
[Source "SG Dortmund"]
[SourceDate "2004.12.16"]

1. e4 e5 2. Nf3 Nc6 3. Bb5 a6 4. Ba4 Nf6 5. O-O b5 6. Bb3 d6 7. Ng5 Be6 8. Nxe6
fxe6 9. Bxe6 Nd4 10. Bb3 Nxb3 11. axb3 Be7 12. d3 O-O 13. h3 b4 14. Nd2 Qb8 15.
Nc4 Nd7 16. Qg4 Qe8 17. Bd2 h5 18. Qe6+ Kh7 19. Bxb4 Nc5 20. Bxc5 Rf6 21. Qd5
c6 22. Nxd6 Rxd6 23. Qxe5 Rd7 24. Bxe7 Rxe7 25. Qf5+ 1-0

[Event "59. BEM 2005"]
[Site "Dortmund"]
[Date "2005.02.28"]
[Round "1"]
[White "Koch, Roland"]
[Black "Hardt, Helmut"]
[Result "0-1"]
[WhiteElo "1399"]
[BlackElo "1823"]
[PlyCount "159"]
[EventDate "2005.??.??"]
[Source "SG Dortmund"]
[SourceDate "2004.12.16"]

1. c4 Nf6 2. e3 e5 3. Nc3 Nc6 4. a3 a5 5. b3 Bc5 6. Bb2 d6 7. Qc2 O-O 8. h3 Be6
9. Nf3 h6 10. Be2 Qd7 11. O-O Bf5 12. e4 Bxh3 13. gxh3 Qxh3 14. Nh2 Qg3+ 15.
Kh1 Bxf2 16. Qd3 Qh4 17. Kg2 Bc5 18. Qg3 Qxg3+ 19. Kxg3 Bd4 20. d3 Be3 21. Nb5
Rac8 22. Kh3 Ne7 23. Rf3 Bc5 24. Rg3 Ng6 25. Kg2 Nf4+ 26. Kf1 c6 27. Nc3 Bd4
28. Na4 Bxb2 29. Nxb2 b5 30. Kf2 d5 31. exd5 cxd5 32. Rh1 Kh7 33. Bg4 Nxg4+ 34.
Nxg4 bxc4 35. bxc4 Rb8 36. Na4 dxc4 37. Nxe5 cxd3 38. Nd7 d2 39. Nxf8+ Rxf8 40.
Ke3 Rd8 41. Nb2 Rb8 42. Kxf4 Rxb2 43. Rd3 g5+ 44. Ke3 d1=Q 45. Rhxd1 Ra2 46.
R1d2 Ra1 47. Rf2 Kg7 48. Rf5 a4 49. Ra5 Re1+ 50. Kf2 Re4 51. Kf3 Rf4+ 52. Ke3
Rh4 53. Kd2 Kg6 54. Kc3 h5 55. Rd4 Rh3+ 56. Kb4 g4 57. Rxa4 f5 58. Ra8 Rh1 59.
a4 h4 60. Rg8+ Kf6 61. a5 h3 62. Rf4 Ke5 63. Rf2 h2 64. Re8+ Kf6 65. Rb2 g3 66.
Rg8 Rg1 67. Rh8 h1=Q 68. Rxh1 Rxh1 69. a6 f4 70. Kb5 Rh2 71. Rb4 Kf5 72. a7 Rh8
73. Ra4 g2 74. Ra1 f3 75. Kb6 f2 76. a8=Q Rxa8 77. Rxa8 g1=Q 78. Rf8+ Ke4 79.
Re8+ Kd3 80. Rd8+ 0-1

[Event "59. BEM 2005"]
[Site "Dortmund"]
[Date "2005.02.28"]
[Round "1"]
[White "Grube, Jörg"]
[Black "Gegner, Michael"]
[Result "1-0"]
[WhiteElo "1819"]
[BlackElo "1397"]
[PlyCount "33"]
[EventDate "2005.??.??"]
[Source "SG Dortmund"]
[SourceDate "2004.12.16"]

1. e4 e6 2. d4 d5 3. Nc3 Nf6 4. e5 Nfd7 5. Nce2 c5 6. c3 Nc6 7. f4 cxd4 8. cxd4
Be7 9. Nf3 O-O 10. g3 f6 11. Bh3 f5 12. O-O h6 13. Kh1 g5 14. g4 Nb6 15. Rg1
Kh7 16. gxf5 exf5 17. fxg5 1-0

[Event "59. BEM 2005"]
[Site "Dortmund"]
[Date "2005.02.28"]
[Round "1"]
[White "Rutmann, Ulrich"]
[Black "Volmer, Martin"]
[Result "1/2-1/2"]
[WhiteElo "1379"]
[BlackElo "1772"]
[PlyCount "45"]
[EventDate "2005.??.??"]
[Source "SG Dortmund"]
[SourceDate "2004.12.16"]

1. e4 e6 2. d4 d5 3. e5 c5 4. c3 Nc6 5. Bb5 Bd7 6. Bxc6 Bxc6 7. Nf3 Qb6 8. O-O
cxd4 9. cxd4 Ne7 10. b3 Bb5 11. Re1 Nc6 12. a3 Rc8 13. Be3 Be7 14. Nbd2 O-O 15.
Nf1 Na5 16. Bg5 Bxg5 17. Nxg5 h6 18. Nf3 Rc3 19. Re3 Rfc8 20. Rb1 Rxe3 21. Nxe3
Qc7 22. a4 Ba6 23. b4 1/2-1/2

[Event "59. BEM 2005"]
[Site "Dortmund"]
[Date "2005.02.28"]
[Round "1"]
[White "Sonntag, Joachim"]
[Black "Hansen, Jochen"]
[Result "1-0"]
[WhiteElo "1757"]
[BlackElo "1374"]
[PlyCount "57"]
[EventDate "2005.??.??"]
[Source "SG Dortmund"]
[SourceDate "2004.12.16"]

1. e4 e5 2. Nf3 Nc6 3. Bc4 Nf6 4. O-O Bc5 5. Nc3 O-O 6. a3 d6 7. h3 h6 8. Re1
a6 9. d3 b5 10. Ba2 Bb7 11. Nd5 Nd4 12. Ne3 Bc8 13. c3 Nc6 14. d4 Bb6 15. Nd5
Ba7 16. Qd3 Re8 17. Be3 exd4 18. Nxf6+ Qxf6 19. cxd4 Bb7 20. Rac1 Bb6 21. b4
Rad8 22. Bd5 Nxb4 23. axb4 Bxd5 24. exd5 Re7 25. Bd2 Rde8 26. Re3 Kf8 27. Ra1
Ra8 28. Rxe7 Qxe7 29. Qh7 1-0

[Event "59. BEM 2005"]
[Site "Dortmund"]
[Date "2005.02.28"]
[Round "1"]
[White "Krüger, Inge"]
[Black "Morgenroth, Hubertus"]
[Result "0-1"]
[WhiteElo "1307"]
[BlackElo "1724"]
[PlyCount "52"]
[EventDate "2005.??.??"]
[Source "SG Dortmund"]
[SourceDate "2004.12.16"]

1. d4 d5 2. c4 e6 3. Nc3 Nf6 4. Bg5 Nbd7 5. e3 c6 6. cxd5 exd5 7. Nf3 Bd6 8.
Be2 Qa5 9. O-O Ne4 10. Qc2 Ndf6 11. Bxf6 Nxf6 12. a3 O-O 13. b4 Qd8 14. Rac1
Re8 15. h3 Ne4 16. Bd3 Bf5 17. Qb2 Qf6 18. Be2 Ng5 19. Nh4 Nxh3+ 20. gxh3 Qxh4
21. f4 Qg3+ 22. Kh1 Qxh3+ 23. Kg1 Qg3+ 24. Kh1 Re6 25. Bh5 Rh6 26. Qe2 Bg4 0-1

[Event "59. BEM 2005"]
[Site "Dortmund"]
[Date "2005.02.28"]
[Round "1"]
[White "Duschek, Günter"]
[Black "Gennat, Egon L"]
[Result "1/2-1/2"]
[WhiteElo "1719"]
[BlackElo "1287"]
[PlyCount "78"]
[EventDate "2005.??.??"]
[Source "SG Dortmund"]
[SourceDate "2004.12.16"]

1. d4 Nf6 2. Nf3 e6 3. Bf4 d5 4. e3 Be7 5. c3 O-O 6. h4 c5 7. h5 h6 8. Ne5 Nbd7
9. g4 Ne4 10. Nd2 Ng5 11. Bg3 Nxe5 12. Bxe5 f6 13. Bg3 Bd6 14. f4 b6 15. Rg1
Ne4 16. Nxe4 dxe4 17. Bc4 Qe7 18. Qc2 Bb7 19. f5 Bd5 20. Bxd6 Qxd6 21. Bxd5
exd5 22. O-O-O c4 23. Qg2 Qd7 24. Qc2 a5 25. Kd2 b5 26. Rg2 b4 27. Ke1 Rfb8 28.
Rc1 b3 29. axb3 Rxb3 30. Ra1 a4 31. Qc1 Qd6 32. Kf1 a3 33. bxa3 Raxa3 34. Rxa3
Qxa3 35. Qxa3 Rxa3 36. Rc2 Kf7 37. Ke2 Ra1 38. Kf2 Ra3 39. Ke2 Ra1 1/2-1/2

[Event "59. BEM 2005"]
[Site "Dortmund"]
[Date "2005.02.28"]
[Round "1"]
[White "Schultz, Bernfried"]
[Black "Pachura, Karl-Heinz"]
[Result "1-0"]
[WhiteElo "1717"]
[BlackElo "1274"]
[PlyCount "99"]
[EventDate "2005.??.??"]
[Source "SG Dortmund"]
[SourceDate "2004.12.16"]

1. e4 e5 2. Nf3 Nc6 3. d4 exd4 4. Nxd4 d5 5. Nxc6 bxc6 6. e5 Be7 7. Bd3 Bg5 8.
O-O Bxc1 9. Qxc1 Be6 10. f4 f5 11. Qd1 Ne7 12. Qh5+ Bf7 13. Qh3 Bg6 14. Nc3 O-O
15. Na4 d4 16. b3 Kh8 17. Rad1 Nd5 18. Rf3 Ne3 19. Rd2 Qe7 20. Nb2 Qb4 21. Rdf2
Qe1+ 22. Bf1 Nxf1 23. Rxf1 Qb4 24. a4 a5 25. Rd3 Qc5 26. Nc4 Be8 27. Rfd1 Rd8
28. Qh4 Bd7 29. Qf2 Be6 30. Rxd4 Bd5 31. Ne3 g6 32. c4 Qb4 33. cxd5 Qxb3 34.
dxc6 Rb8 35. Nd5 Qb2 36. Qh4 Qxd4+ 37. Rxd4 Rb1+ 38. Kf2 Rb2+ 39. Kf3 Rb3+ 40.
Ne3 Kg7 41. Rd7+ Rf7 42. Qf6+ Kh6 43. Qxf7 Rxe3+ 44. Kxe3 Kh5 45. Qxh7+ Kg4 46.
h3+ Kg3 47. Qxg6+ Kh2 48. h4 Kg1 49. h5 Kf1 50. Rd1# 1-0

[Event "59. BEM 2005"]
[Site "Dortmund"]
[Date "2005.02.28"]
[Round "1"]
[White "Kuckelke, Jürgen"]
[Black "Klein, Hans-Joachim"]
[Result "0-1"]
[WhiteElo "1263"]
[BlackElo "1709"]
[PlyCount "48"]
[EventDate "2005.??.??"]
[Source "SG Dortmund"]
[SourceDate "2004.12.16"]

1. e4 e5 2. Nf3 Nc6 3. Bb5 Bc5 4. O-O d6 5. h3 a6 6. Ba4 b5 7. Bb3 h6 8. c3 Nf6
9. Re1 O-O 10. d3 Be6 11. Be3 Ba7 12. Nbd2 Qd7 13. Nh2 Nh7 14. Qh5 Ne7 15. g4
Nf6 16. Qh4 Ng6 17. Qg3 h5 18. Bg5 hxg4 19. Bxf6 gxf6 20. Bxe6 fxe6 21. hxg4
Kf7 22. Nb3 Rh8 23. Nc1 Nf4 24. Ne2 Rh3 0-1